Religion Quiz

Random Religion or Judaism Quiz

Triplets - Religious Festivals Quiz Stats

 Plays Quiz not verified by Sporcle

Score 0/18 Timer 03:00
2 Plays Today
% Correct
Krishna Janmashtami
82.2%
Epiphany
30%
Pentecost
29.8%
Maundy Thursday
29.5%
Ramadan
29.1%
Rosh Hashanah
28.4%
Eid Al-Fitr
27.3%
Simchat Torah
24.8%
Guru Nanak Gurpurab
22.9%
% Correct
Martyrdom of Guru Arjan
22.3%
Ganesh Chaturthi
22.2%
Sukkot
21.2%
Maha Shivaratri
20.2%
Bodhi Day
19.6%
Ashura
18.4%
Pavarana
11.9%
Magha Puja
11.6%
Holla Mohalla
8.6%

You're not logged in!

Compare scores with friends on all Sporcle quizzes.
OR
Log In

Show Comments

Extras

Top Quizzes Today


Score Distribution

Your Account Isn't Verified!

In order to create a playlist on Sporcle, you need to verify the email address you used during registration. Go to your Sporcle Settings to finish the process.

Report this User

Report this user for behavior that violates our Community Guidelines.

Details: